Copper sulphate as a yield stimulant for Hevea brasiliensis. I. Experimental stimulation of 1931 budded rubber with2, 4-D or 2, 4, 5-T in sulphate injection (Record no. 56377)

MARC details
000 -LEADER
fixed length control field 00573nam a2200169Ia 4500
100 ## - MAIN ENTRY--AUTHOR NAME
Personal name Mainstone B J
245 #0 - TITLE STATEMENT
Title Copper sulphate as a yield stimulant for Hevea brasiliensis. I. Experimental stimulation of 1931 budded rubber with2, 4-D or 2, 4, 5-T in sulphate injection
260 ## - PUBLICATION, DISTRIBUTION, ETC. (IMPRINT)
Name of publisher Journal of the Rubber Research Institute of Malaya
Year of publication 1964
300 ## - PHYSICAL DESCRIPTION
Number of Pages 253-260
650 ## - SUBJECT ADDED ENTRY--TOPICAL TERM
Topical Term Budded rubber
650 ## - SUBJECT ADDED ENTRY--TOPICAL TERM
Topical Term Hevea brasiliensis
650 ## - SUBJECT ADDED ENTRY--TOPICAL TERM
Topical Term Sulphate injection
650 ## - SUBJECT ADDED ENTRY--TOPICAL TERM
Topical Term Yield
700 ## - ADDED ENTRY--PERSONAL NAME
Personal name Tan K S
942 ## - ADDED ENTRY ELEMENTS (KOHA)
Koha item type Journals
Holdings
Withdrawn status Lost status Damaged status Not for loan Home library Current library Shelving location Date acquired Serial Enumeration / chronology Koha item type
      Journals RRII Library RRII Library Rubber chemistry 17/12/2021 Volume 18, Issue 5 Journals